Science Quiz

Random Science or Biology Quiz
Score 0/21 Timer 05:00
0 Plays Today
% Correct
Adele Penguin
89%
Green Tee Python
88%
Perm Whale
87%
Tree-Toed Sloth
86.7%
Southern Lying Squirrel
85.2%
Kodak Bear
84.3%
Bad Eagle
84.2%
Napping Turtle
84.2%
Prying Mantis
83.8%
Duck-Biled Platypus
82.6%
Cab-Eating Macaque
81.8%
% Correct
Largemoth Bass
81.8%
Poison Art Frog
81.8%
Sad Tiger Shark
81.2%
Tar-Nosed Mole
80.8%
Texas Loghorn
80.1%
Baking Shark
80.1%
Warhog
79.3%
Cap Buffalo
79%
Hoseshoe Crab
78.8%
Great Blue Hero
75.5%
Remove Ads.
Support Sporcle.
Get the best of Sporcle when you Go Orange. This ad-free experience offers more features, more stats, and more fun while also helping to support Sporcle. Thank you for becoming a member.

You're not logged in!

Compare scores with friends on all Sporcle quizzes.
OR
Log In

Show Comments

Extras

Top Quizzes Today


Score Distribution

Your Account Isn't Verified!

In order to create a playlist on Sporcle, you need to verify the email address you used during registration. Go to your Sporcle Settings to finish the process.

Report this User

Report this user for behavior that violates our Community Guidelines.

Details: